Reinforced concrete : (Record no. 553814)
[ view plain ]
| 000 -LEADER | |
|---|---|
| fixed length control field | 00786cam a2200205 i 4500 |
| 020 ## - INTERNATIONAL STANDARD BOOK NUMBER | |
| International Standard Book Number | 013348596X |
| 020 ## - INTERNATIONAL STANDARD BOOK NUMBER | |
| International Standard Book Number | 9780133485967 |
| 020 ## - INTERNATIONAL STANDARD BOOK NUMBER | |
| International Standard Book Number | 9781292106007 |
| 082 00 - DEWEY DECIMAL CLASSIFICATION NUMBER | |
| Classification number | 624.18341 |
| Author Mark | WIG |
| -- | L-38,P-121 |
| 100 1# - MAIN ENTRY--PERSONAL NAME | |
| Personal name | Wight, James K. |
| 9 (RLIN) | 18384 |
| 245 10 - TITLE STATEMENT | |
| Title | Reinforced concrete : |
| Remainder of title | mechanics and design / global edition |
| Statement of responsibility, etc. | James K. Wight, F. E. Richart, Jr. Collegiate Professor, Department of Civil & Environmental Engineering, University of Michigan. |
| 250 ## - EDITION STATEMENT | |
| Edition statement | 7th ed. |
| 260 ## - PUBLICATION, DISTRIBUTION, ETC. | |
| Place of publication, distribution, etc. | England :. |
| Name of publisher, distributor, etc. | Pearson Education. |
| Date of publication, distribution, etc. | 2016. |
| 300 ## - PHYSICAL DESCRIPTION | |
| Extent | xix, 1144 pages : |
| Other physical details | illustrations ; |
| Dimensions | 27 cm |
| 526 ## - STUDY PROGRAM INFORMATION NOTE | |
| Program name | 0 |
| Interest level | 0 |
| Reading level | 0 |
| Title point value | 624_183410000000000_WIG |
| 526 ## - STUDY PROGRAM INFORMATION NOTE | |
| Program name | 0 |
| Interest level | 1 |
| Reading level | 0 |
| Title point value | 624_183410000000000_WIG |
| 650 #0 - SUBJECT ADDED ENTRY--TOPICAL TERM | |
| Topical term or geographic name entry element | Reinforced concrete construction. |
| 650 #0 - SUBJECT ADDED ENTRY--TOPICAL TERM | |
| Topical term or geographic name entry element | Reinforced concrete. |
| 9 (RLIN) | 40928 |
| 942 ## - ADDED ENTRY ELEMENTS (KOHA) | |
| Source of classification or shelving scheme | |
| Koha item type | Book |
| Withdrawn status | Lost status | Source of classification or shelving scheme | Damaged status | Not for loan | Permanent Location | Current Location | Date acquired | Total Checkouts | Full call number | Barcode | Date last seen | Date last checked out | Price effective from | Koha item type |
|---|---|---|---|---|---|---|---|---|---|---|---|---|---|---|
| Military College of Engineering (MCE) | Military College of Engineering (MCE) | 04/03/2017 | 3 | 624.18341 WIG | MCE-50517 | 02/10/2020 | 02/10/2020 | 04/03/2017 | Book | |||||
| Military College of Engineering (MCE) | Military College of Engineering (MCE) | 07/21/2017 | 1 | 624.18341 WIG | MCE-50535 | 09/29/2017 | 09/29/2017 | 07/21/2017 | Book |
